<?xml version="1.0" encoding="UTF-8"?>
<record
    xmlns:xsi="http://www.w3.org/2001/XMLSchema-instance"
    xsi:schemaLocation="http://www.loc.gov/MARC21/slim http://www.loc.gov/standards/marcxml/schema/MARC21slim.xsd"
    xmlns="http://www.loc.gov/MARC21/slim">

  <leader>01769nam a2200277uu 4500</leader>
  <controlfield tag="001">1300896</controlfield>
  <controlfield tag="005">20260508075413.0</controlfield>
  <controlfield tag="008">121005s2009                        spa  </controlfield>
  <datafield tag="020" ind1=" " ind2=" ">
    <subfield code="a">9788449322556</subfield>
  </datafield>
  <datafield tag="035" ind1=" " ind2=" ">
    <subfield code="a">1300896</subfield>
  </datafield>
  <datafield tag="040" ind1=" " ind2=" ">
    <subfield code="c">comduadb</subfield>
  </datafield>
  <datafield tag="041" ind1=" " ind2=" ">
    <subfield code="a">spa</subfield>
  </datafield>
  <datafield tag="082" ind1=" " ind2="4">
    <subfield code="a">613</subfield>
  </datafield>
  <datafield tag="100" ind1=" " ind2="0">
    <subfield code="a">Nardone, Giorgio</subfield>
    <subfield code="d">1958-</subfield>
    <subfield code="4">aut</subfield>
    <subfield code="0">(isni)0000000081147602</subfield>
    <subfield code="0">(viaf)35650327</subfield>
    <subfield code="e">aut</subfield>
    <subfield code="9">315496</subfield>
  </datafield>
  <datafield tag="245" ind1="1" ind2="3">
    <subfield code="a">La dieta de la paradoja : c&#xF3;mo superar las barreras psicol&#xF3;gicas que te impiden adelgazar y estar en forma</subfield>
  </datafield>
  <datafield tag="260" ind1=" " ind2=" ">
    <subfield code="a">Barcelona :</subfield>
    <subfield code="b">Ediciones Paid&#xF3;s,</subfield>
    <subfield code="c">2009.</subfield>
  </datafield>
  <datafield tag="300" ind1=" " ind2=" ">
    <subfield code="a">102 p&#xE1;ginas :</subfield>
    <subfield code="b">ilustraciones</subfield>
  </datafield>
  <datafield tag="490" ind1="0" ind2=" ">
    <subfield code="a">Paid&#xF3;s : Psicolog&#xED;a Hoy</subfield>
  </datafield>
  <datafield tag="520" ind1="3" ind2=" ">
    <subfield code="a">Un libro directo y sencillo que nos ayudar&#xE1; a establecer nuevas pautas de relaci&#xF3;n con la comida. &#xBF;Qui&#xE9;n no ha probado al menos una vez en su vida un r&#xE9;gimen de alimentaci&#xF3;n para perder alg&#xFA;n kilo de m&#xE1;s? Como adem&#xE1;s es algo que nos afecta a todos, todos sabemos la cantidad de resultados fallidos que se obtienen al optar por esas v&#xED;as punitivas en las que se pretende mantener bajo control un instinto primario como es el hambre. Las dietas no funcionan, pero no porque no se consiga adelgazar sino porque o no se logra llegar hasta el final o se siguen pero luego se recuperan los kilos perdidos. Un gran psic&#xF3;logo nos explica las razones de nuestra penosa relaci&#xF3;n con la comida y, mediante estratagemas que pueden parecer irracionales, nos ense&#xF1;a c&#xF3;mo recuperar una relaci&#xF3;n sana y equilibrada con el placer de comer.</subfield>
  </datafield>
  <datafield tag="650" ind1=" " ind2=" ">
    <subfield code="a">Dieta - Aspectos psicol&#xF3;gicos</subfield>
    <subfield code="9">196753</subfield>
  </datafield>
  <datafield tag="650" ind1=" " ind2=" ">
    <subfield code="a">Problemas de reducci&#xF3;n</subfield>
    <subfield code="9">196754</subfield>
  </datafield>
  <datafield tag="650" ind1=" " ind2=" ">
    <subfield code="a">Dieta de reduccion</subfield>
    <subfield code="9">21716</subfield>
  </datafield>
  <datafield tag="650" ind1=" " ind2=" ">
    <subfield code="a">Control de peso</subfield>
    <subfield code="9">198298</subfield>
  </datafield>
  <datafield tag="700" ind1="1" ind2="0">
    <subfield code="a">Furi&#xF3; Sancho, Joana Maria</subfield>
    <subfield code="4">trl</subfield>
    <subfield code="e">trl</subfield>
    <subfield code="9">657634</subfield>
  </datafield>
  <datafield tag="942" ind1=" " ind2=" ">
    <subfield code="c">BOOK</subfield>
  </datafield>
  <datafield tag="999" ind1=" " ind2=" ">
    <subfield code="c">636060</subfield>
    <subfield code="d">636060</subfield>
  </datafield>
  <datafield tag="952" ind1=" " ind2=" ">
    <subfield code="0">0</subfield>
    <subfield code="1">0</subfield>
    <subfield code="4">0</subfield>
    <subfield code="7">0</subfield>
    <subfield code="8">GEN</subfield>
    <subfield code="a">BC</subfield>
    <subfield code="b">BC</subfield>
    <subfield code="d">2012-10-05</subfield>
    <subfield code="e">Agapea</subfield>
    <subfield code="g">36596.00</subfield>
    <subfield code="i">C1158790</subfield>
    <subfield code="l">1</subfield>
    <subfield code="o">613.25 N224</subfield>
    <subfield code="p">92595</subfield>
    <subfield code="r">2024-12-04 00:00:00</subfield>
    <subfield code="s">2023-08-24</subfield>
    <subfield code="t">1</subfield>
    <subfield code="w">2023-05-02</subfield>
    <subfield code="y">BOOK</subfield>
  </datafield>
</record>
